The code of civil procedure abridged / (Record no. 91815)

MARC details
000 -LEADER
fixed length control field 00780nam a22002297a 4500
005 - DATE AND TIME OF LATEST TRANSACTION
control field 20150323145309.0
010 ## - LCCN (DPL NO)
LC control number ENG-112232
020 ## - INTERNATIONAL STANDARD BOOK NUMBER
Terms of availability 2495.00
International Standard Book Number 9788180386923
035 ## - SYSTEM CONTROL NUMBER
System control number EN-95764
037 ## - SOURCE OF ACQUISITION
Source of stock number/acquisition DBAD/PUB
082 ## - DEWEY DECIMAL CLASSIFICATION NUMBER
Classification number 347.540502468
100 ## - MAIN ENTRY--PERSONAL NAME
Personal name Mulla, Dinshaw Fardunji
245 ## - TITLE STATEMENT
Title The code of civil procedure abridged /
Statement of responsibility, etc by Dinshaw Fardunji Mulla ; foreworded by T.S. Thakur ; revised by B.M. Prasad [and] Manish Mohan
250 ## - EDITION STATEMENT
Edition statement 15th ed
260 ## - PUBLICATION, DISTRIBUTION, ETC. (IMPRINT)
Name of publisher, distributor, etc LexisNexis
Date of publication, distribution, etc 2012
Place of publication, distribution, etc Gurgaon
270 ## - ADDRESS
Address 14th Floor; Building No. 10 Tower -B , DLF Cyber City ,Phase-II
City Gurgaon
Postal code 122002
300 c# - PHYSICAL DESCRIPTION
Extent cccl,2121p.
Dimensions 25cm(Hb)
500 i# - GENERAL NOTE
General note Includes index
700 ## - ADDED ENTRY--PERSONAL NAME
Personal name Prasad, B.M.
700 ## - ADDED ENTRY--PERSONAL NAME
Personal name Manish Mohan
942 ## - ADDED ENTRY ELEMENTS (KOHA)
Source of classification or shelving scheme Dewey Decimal Classification
Item type English Books
Classification part 347.540502468
Call number suffix MUL
Holdings
Withdrawn status Lost status Not for loan Collection code Home library Current library Date acquired Source of acquisition Cost, normal purchase price Full call number Barcode Copy number Cost, replacement price Koha item type
    Not For Loan Non-fiction D.B.Act.Division D.B.Act.Division 24/02/2015 DBAD/PUB 2495.00 347.540502468 MUL EN-95764 1 2495.00 English Books

© Delhi Public Library
Hit Counter
free hit counter